Sports Quiz

Random Sports or NCAA Quiz

Major NCAA Basketball Conferences Quiz Stats

 Plays Quiz Updated Jul 11, 2018

Score 0/77 Timer 12:00
9 Plays Today
% Correct
University of Florida
94.6%
University of Texas
93.9%
University of North Carolina
93.2%
University of Michigan
92.6%
University of Oregon
92.5%
University of Southern California
91.3%
University of Georgia
91.1%
Ohio State University
90.9%
Florida State University
90.5%
University of Oklahoma
90.4%
Duke University
90.4%
University of Washington
90.1%
Michigan State University
89.9%
University of California, Los Angeles
89.8%
University of Alabama
89.1%
University of Arizona
88.2%
Oregon State University
88%
University of Kansas
87.7%
University of Virginia
87.4%
University of Iowa
86.6%
Texas Tech University
86.6%
University of California, Berkeley
86.5%
Arizona State University
86.1%
Oklahoma State University
85.7%
Washington State University
85.4%
Pennsylvania State University
84.5%
University of Mississippi
84.3%
University of Miami
83.9%
Indiana University
83.8%
University of Kentucky
83.5%
Virginia Tech
83.1%
University of Tennessee
83%
Louisiana State University
82.8%
University of Illinois
82.7%
University of South Carolina
82.4%
Kansas State University
82%
University of Wisconsin
81.8%
Georgia Tech
81.1%
Texas A&M University
80.3%
% Correct
University of Maryland
80.3%
North Carolina State University
80.3%
University of Missouri
79.2%
University of Arkansas
79.1%
Boston College
78.6%
Stanford University
78.5%
Clemson University
78.3%
Syracuse University
78.1%
University of Minnesota
78%
West Virginia University
77.8%
Mississippi State University
77.7%
Rutgers University
77.5%
University of Connecticut
77%
University of Louisville
76.8%
Texas Christian University
75.6%
Auburn University
75.5%
Iowa State University
75.1%
Purdue University
74.9%
Wake Forest University
74.2%
Northwestern University
73.5%
Baylor University
73.4%
University of Notre Dame
71%
Vanderbilt University
70.4%
University of Pittsburgh
68.4%
University of Houston
65.5%
University of Cincinnati
60.1%
University of South Florida
57.2%
Temple University
56.1%
University of Memphis
54.6%
University of Central Florida
51.9%
Southern Methodist University
49.7%
Tulane University
48.6%
University of Tulsa
43.9%
East Carolina University
37.2%
Wichita State University
34.1%
University of Nebraska
26%
University of Colorado
25.5%
University of Utah
24.7%

You're not logged in!

Compare scores with friends on all Sporcle quizzes.
OR
Log In

Sporcle TV

Today on Sporcle TV


Watch our educational content, quiz creation guides, and fun videos on Sporcle TV.

Show Comments

Extras

Top Quizzes Today


Score Distribution

Your Account Isn't Verified!

In order to create a playlist on Sporcle, you need to verify the email address you used during registration. Go to your Sporcle Settings to finish the process.

Report this User

Report this user for behavior that violates our Community Guidelines.

Details: